000 00495nam a2200157 i 4500
001 42032
003 ES-MaACL
005 20230906160532.0
007 t|
008 030312s1960 sp ||||1| spa d
100 1 _aCastán Vázquez, José María.
_936393
245 1 3 _aEl derecho al secreto de la correspondencia epistolar /
_cpor José María Castán Vázquez.
260 _aMadrid :
_bAnuario de Derecho Civil,
_c1960.
300 _a36 p. ;
_c26 cm.
852 _aES-MaACL
_j2028-F-17
_bR.46788
999 _c42032
_d42032